000 01016cam a2200229 4500
001 ABS63937
008 000000n2001 000 0 eng u
035 _a(Sirsi) u112648
100 _aHemsley, A
245 _aMan of the match
260 _c2001
490 _aBuilding
_v266(8183) 4 May 2001, 60(1)
520 _aDiscusses the role of the partnering adviser as outlined in PPC2000, the new project partnering contract. Sets out the responsibilities of the partnering adviser and defines the role as providing two types of advice; contract and legal advice and strategic partnering advice. Suggests that an adviser must have practical experience of partnering, and be ready to take on the important issues of key performance indicators and continuous improvement.
590 _aABS
650 _aPARTNERING ADVISERS
650 _aPARTNERING AGREEMENTS
650 _aPPC2000
650 _aPROJECT PARTNERING
650 _aADVICE
690 _aBUILT ENVIRONMENT-BUILDING CONTRACT FORMS
942 _n0
999 _c67048
_d67048